| 000 | 01693nam0a2200337 4500 | ||
|---|---|---|---|
| 001 | RU\NLR\BIBL_A\021964079 | ||
| 005 | 20260407064019.0 | ||
| 010 | _a5-9638-0001-4 | ||
| 035 | _a(NLR Aleph) 021964079 | ||
| 090 |
_a12331895 _c12331895 |
||
| 100 | _a20230615d2007 |||y0rusy50 ca | ||
| 101 | 0 | _arus | |
| 102 | _aRU | ||
| 105 | _aa g 000zy | ||
| 181 | 0 |
_ai3 _baxxe |
|
| 182 | 0 | _an | |
| 200 | 1 |
_aСправочник инвестиционных и инновационных проектов предприятий и организаций Республики Татарстан _fМинистерство экономики и промышленности Татарстан [и др.] _gредакционная коллегия: В. Г. Соловьев [и др.] |
|
| 203 |
_aТекст _bвизуальный _cнепосредственный |
||
| 210 |
_aКазань _cТатарстанский ЦНТИ _d2007 |
||
| 215 |
_a167 с. _cцв. ил. _d21 |
||
| 606 | 1 |
_aИнвестиционные проекты _jСправочники _yТатарстан, Республика _92208399 _3RU\NLR\AUTH\661326732 |
|
| 606 | 1 |
_aИнновационные проекты _jСправочники _yТатарстан, Республика _92558920 _3RU\NLR\AUTH\6601726303 |
|
| 686 | 1 | _aУ9(2)-55(2Р-6Т)я2 | |
| 686 | 1 | _aУ9(2)-56(2Р-6Т)я2 | |
| 700 | 1 |
_aСоловьев _bВ. Г. _4340 |
|
| 712 | 0 | 1 |
_4570 _aРеспублика Татарстан _bМинистерство экономики и промышленности _9561368 _3RU\NLR\AUTH\8810031371 |
| 942 | _cBOOK | ||
| 980 | _aNB | ||